VOGEL`S TEXTBOOK OF QUANTITATIVE CHEMICAL ANALYSIS (Record no. 22733)
[ view plain ]
| 000 -LEADER | |
|---|---|
| fixed length control field | 00551cam a2200205ua 4500 |
| 008 - FIXED-LENGTH DATA ELEMENTS--GENERAL INFORMATION | |
| fixed length control field | 190625n2017 II |||gr||||Z||||||eng |
| 040 ## - CATALOGING SOURCE | |
| Original cataloging agency | MAIN |
| 041 ## - LANGUAGE CODE | |
| -- | English |
| 082 ## - DEWEY DECIMAL CLASSIFICATION NUMBER | |
| Classification number | 545 MEN |
| 100 ## - MAIN ENTRY--PERSONAL NAME | |
| Personal name | MENDHAM, J., |
| Relator term | AUTHOR. |
| 245 ## - TITLE STATEMENT | |
| Title | VOGEL`S TEXTBOOK OF QUANTITATIVE CHEMICAL ANALYSIS |
| 250 ## - EDITION STATEMENT | |
| Edition statement | 16TH ED. |
| 260 ## - PUBLICATION, DISTRIBUTION, ETC. | |
| Place of publication, distribution, etc. | DELHI |
| Name of publisher, distributor, etc. | PEARSON EDUCATION |
| Date of publication, distribution, etc. | 2017 |
| 300 ## - PHYSICAL DESCRIPTION | |
| Extent | 790: |
| Dimensions | 20CM+ |
| Accompanying material | HB. |
| 500 ## - GENERAL NOTE | |
| General note | RUSA MDC GRANT 2014-2017 |
| 700 ## - ADDED ENTRY--PERSONAL NAME | |
| Personal name | MENDHAM, J., |
| Relator term | AUTHOR., |
| 700 ## - ADDED ENTRY--PERSONAL NAME | |
| Personal name | DENNEY, R. C. & OTHERS, |
| Relator term | AUTHOR. |
| 942 ## - ADDED ENTRY ELEMENTS (KOHA) | |
| Koha item type | Books |
| Withdrawn status | Lost status | Damaged status | Not for loan | Collection code | Home library | Current library | Shelving location | Date acquired | Total Checkouts | Full call number | Barcode | Date last seen | Date last checked out | Copy number | Price effective from | Koha item type | Public note |
|---|---|---|---|---|---|---|---|---|---|---|---|---|---|---|---|---|---|
| Withdrawn | TBCHE | Central Library and Information Centre Sibsagar Girls College | Central Library and Information Centre Sibsagar Girls College | CHEMISTRY BOOK RACK | 01.09.2017 | 1 | 545 MEN | 35803 | 27.09.2022 | 13.09.2022 | -1 | 27.02.2020 | Books | V | |||
| Withdrawn | TBCHE | Central Library and Information Centre Sibsagar Girls College | Central Library and Information Centre Sibsagar Girls College | CHEMISTRY BOOK RACK | 01.09.2017 | 545 MEN | 35804 | 27.02.2020 | 2 | 27.02.2020 | Books | V | |||||
| Withdrawn | TBCHE | Central Library and Information Centre Sibsagar Girls College | Central Library and Information Centre Sibsagar Girls College | CHEMISTRY BOOK RACK | 01.09.2017 | 545 MEN | 35805 | 27.02.2020 | 3 | 27.02.2020 | Books | V |